Computational science and Engineering
Saved in:
| Hovedforfatter: | |
|---|---|
| Format: | Bog |
| Sprog: | engelsk |
| Udgivet: |
Wellesley
Wellesley-Cambridge Press
2007
|
| Fag: | |
| Tags: |
Tilføj Tag
Ingen Tags, Vær først til at tagge denne postø!
|
MARC
| LEADER | 00000cam a2200000 a 4500 | ||
|---|---|---|---|
| 001 | UCG7930 | ||
| 003 | CL-VaPUC | ||
| 005 | 20230614123900.0 | ||
| 008 | 111028e20070000US |||||||||||||||||eng|d | ||
| 999 | |c 345618 |d 345616 | ||
| 020 | |a 9780961408817 | ||
| 040 | |c Pontificia Universidad Católica de Valparaíso | ||
| 082 | 0 | 4 | |a 620.00151 STR 2007 |2 21 |
| 100 | 0 | |a Strang, Gilbert |e author |9 558433 | |
| 245 | 1 | 0 | |a Computational science and Engineering |
| 260 | |a Wellesley |b Wellesley-Cambridge Press |c 2007 | ||
| 300 | |a 716 p | ||
| 583 | |a last modification |c 20111028 11:35:00 |k Rodrigo Vera | ||
| 650 | |a Ingeniería matemática |9 883076 | ||
| 650 | 0 | |a Ciencia |9 255691 |x Matemáticas |x Computación | |
| 942 | |c BK |2 ddc | ||
| 945 | |d 20111028 00:00:00 |a dcastane | ||
| 952 | |0 0 |1 0 |2 ddc |4 0 |6 620_001510000000000_STR_2007 |7 0 |8 A |9 444546 |a BIBMAT |b BIBMAT |d 2019-11-22 |i 4792912 |o 620.00151 STR 2007 |p 4792912 |r 2025-01-07 |w 2019-11-22 |y BK |k MAT | ||